LIBRARY & INFORMATION CENTRE, KCAET, TAVANUR

ONLINE PUBLIC ACCESS CATALOGUE (OPAC)

Life nature library : The sea / (Record no. 10306)

MARC details
000 -LEADER
fixed length control field 00498cam a2200205ua 4500
041 ## - LANGUAGE CODE
Language code of text/sound track or separate title eng
082 ## - DEWEY DECIMAL CLASSIFICATION NUMBER
Classification number 551.46
Item number ENG/LI
100 ## - MAIN ENTRY--AUTHOR NAME
Personal name Engel, Leonard .
245 ## - TITLE STATEMENT
Title Life nature library : The sea /
250 ## - EDITION STATEMENT
Edition statement 1 /
260 ## - PUBLICATION, DISTRIBUTION, ETC. (IMPRINT)
Place of publication :
Name of publisher Time life international ,
Year of publication 1963.
300 ## - PHYSICAL DESCRIPTION
Number of Pages 190 ; .
500 ## - GENERAL NOTE
General note **Reference
942 ## - ADDED ENTRY ELEMENTS (KOHA)
Koha item type Books
Holdings
Withdrawn status Lost status Damaged status Home library Current library Date acquired Full call number Accession Number Koha item type
      KAUAET KAUAET 07/04/2012 551.46 4884 Reference
      KAUAET KAUAET 07/04/2012 551.46 3998 Reference
free website counter